Statistics for Districts of Gaziantep (Gaziantep'in ilçeleri).

Click here to take the quiz!

General Stats

  • This quiz has been taken 24 times
  • The average score is 7 of 9

Answer Stats

Population (Nüfus)District (İlçe)% Correct
148.386Nizip
87%
41.322Nurdağı
87%
67.650İslahiye
80%
941.055Şahinbey
80%
857.167Şehitkamil
80%
32.933Araban
73%
33.397Oğuzeli
73%
22.762Yavuzeli
73%
9.379Karkamış
67%

Score Distribution

Percentile by Number Answered

Percent of People with Each Score

Your Score History

You have not taken this quiz